000 01048nam a2200181Ia 4500
008 090630s9999 xx 000 0 und d
082 _b25672
100 _aसंपा. कुलकर्णी अ. रा. आणि खरे ग. ह.
245 _aमराठयांचा इतिहास खंड 1 शिवाजी आणि शिवकाल (1600 - 1707).
_cसंपा. कुलकर्णी अ. रा. आणि खरे ग. ह.
260 _bकॉन्टीनेंटल.
_c2006
300 _a524
600 _aसंपा. कुलकर्णी अ. रा. आणि खरे ग. ह.
630 _aमराठयांचा इतिहास खंड 1 शिवाजी आणि शिवकाल (1600 - 1707).
655 _aइतर.
700 _aसंपा. कुलकर्णी अ. रा. आणि खरे ग. ह.
730 _aमराठयांचा इतिहास खंड 1 शिवाजी आणि शिवकाल (1600 - 1707).
942 _cBOOK
999 _c277528
_d277528